000 00331nam a2200133Ia 4500
008 230312s9999||||xx |||||||||||||| ||und||
082 _a612
_bNAS-I
100 _aNasir;Saeed
245 0 _aIntroduction to Business
260 _bNewfine Printing Press
_aIndia
_c2006
300 _a303
650 _aEngineering
_vBusiness
942 _cBK
999 _c9967
_d9967